Colorful People Quiz Stats

 Plays Quiz Updated Oct 11, 2018

Challenge
Share
Tweet
Embed
Score 0/26 Timer 05:00
0 Plays Today
Hint Person % Correct
Played 'Nacho Libre'Jack Black
89.8%
Snowboarding gold-medalistShaun White
77.9%
Author of 'The Da Vinci Code'Dan Brown
61.5%
One of 'The Golden Girls'Betty White
59.5%
Pat Sajak's sidekickVanna White
55.3%
Known as 'The Godfather of Soul'James Brown
52.8%
Had the lead role in 'Clueless'Alicia Silverstone
47.8%
Canadian personality divorced from Drew BarrymoreTom Green
41.4%
Andy Dufresne's buddyEllis Boyd Redding
40.4%
Author of 'Where the Sidewalk Ends'Shel Silverstein
37.8%
Singer also known as Alecia Beth MooreP!nk
36.1%
Best known for his role as Steve UrkelJaleel White
32.1%
R&B artist known for hit single 'Run It!'Chris Brown
31.8%
Hint Person % Correct
This 'Natural' actor also won an Oscar for directingRobert Redford
31.5%
Nobody ever puts this 'Baby' in a cornerJennifer Grey
30.9%
Author of the 'Joy Luck Club'Amy Tan
26.4%
#92 for the Green Bay PackersReggie White
26.3%
Had a 1971 hit 'Let's Stay Together'Al Green
23.6%
Milwaukee Bucks oft-injured starMichael Redd
17.8%
Hall of Fame NBA coach, died in 2006Red Auerbach
15.9%
'Growing Pains' starTracey Gold
14.6%
Soul/Disco singer known as the 'Maestro'Barry White
13.9%
Jewish ballplayer, hit 4 HR in one gameShawn Green
10.4%
Country artist with hit 'A Better Man'Clint Black
9%
Played Sue Ellen Ewing on 'Dallas'Linda Gray
7.7%
Won the academy award for her part in 'Julia'Vanessa Redgrave
4.4%

You're not logged in!

Compare scores with friends on all Sporcle quizzes.
OR
Log In

You Might Also Like...

Show Comments

Extras

Top Quizzes Today


Score Distribution

Your Account Isn't Verified!

In order to create a playlist on Sporcle, you need to verify the email address you used during registration. Go to your Sporcle Settings to finish the process.

Report this User

Report this user for behavior that violates our Community Guidelines.

Details: